Nebudeš lesba, kým žiješ pod mojou strechou. Aké je to byť LGBTI+ na východe Slovenska? geja zhodili zo schodov. Zara Kromková považuje návrh strany SAS za pľuvanec do tváre. Matovič podľa nej nestojí ani len za komentár

Bibliographic Details
Other Authors: Ogurčáková, Jana (Interviewer)
Format: Article
Language:Slovak
PhysicalDescription:Fotografie
ISSN:2585-7355
Subjects:
Online Access:https://kosice.korzar.sme.sk/c/23073734/ked-si-gej-nebudes-zit-pod-mojou-strechou-ake-je-byt-lgbti-na-vychode.html

MARC

LEADER 00000nab a2200000u 4500
001 vtls012154936
003 SK-MaSNL
005 20260303101211.0
008 221125|2022 xo ||||||| || ||slo|
038 |a KEVKJB 
040 |a KEVKJB  |b slo  |e rda 
041 0 |a slo 
043 |a e-xo--- 
044 |a xo  |c SK 
072 7 |a 364-1/-7  |x Druhy sociálnej pomoci a služieb  |2 konspekt 
080 |a 364-5-154  |2 2011 
100 1 |a Ogurčáková, Jana  |4 ivr  |9 835010 
245 1 0 |a Nebudeš lesba, kým žiješ pod mojou strechou. Aké je to byť LGBTI+ na východe Slovenska?  |b geja zhodili zo schodov. Zara Kromková považuje návrh strany SAS za pľuvanec do tváre. Matovič podľa nej nestojí ani len za komentár  |c Jana Ogurčáková, Zara Kromková 
300 |b Fotografie 
336 |a text  |b txt  |2 rdacontent 
337 |a bez média  |b n  |2 rdamedia 
338 |a zväzok  |b nc  |2 rdacarrier 
600 1 7 |a Kromková, Zara  |2 kevkjb  |9 1112705 
610 2 7 |a Lesbian, Gay, Bisexual und Trans  |2 SNKKAbucl  |9 131706 
610 2 7 |a Prizma - komunitné a poradenské centrum pre LGBT + ľudí (Košice, Slovensko)  |2 kevkjb  |9 1109774 
650 0 7 |a komunitné centrá  |2 SNKPH  |9 63599 
651 7 |a Košice (Slovensko)  |2 SNKPHgeo  |9 18694 
655 7 |a rozhovory  |2 SNKPH  |9 31831 
700 1 |a Kromková, Zara  |4 ive  |9 1112705 
773 0 |t Korzár  |g Roč. XXV., č.123 (22.11.2022), s. 4-5  |x 2585-7355 
852 |a KEVKJB  |b KIS3GCP 
856 4 1 |u https://kosice.korzar.sme.sk/c/23073734/ked-si-gej-nebudes-zit-pod-mojou-strechou-ake-je-byt-lgbti-na-vychode.html 
958 |a BX 
999 |c 1837372  |d 1839302